<?xml version="1.0" encoding="UTF-8"?>
<record
    xmlns:xsi="http://www.w3.org/2001/XMLSchema-instance"
    xsi:schemaLocation="http://www.loc.gov/MARC21/slim http://www.loc.gov/standards/marcxml/schema/MARC21slim.xsd"
    xmlns="http://www.loc.gov/MARC21/slim">

  <leader>     nam a22     7a 4500</leader>
  <datafield tag="999" ind1=" " ind2=" ">
    <subfield code="c">44555</subfield>
    <subfield code="d">44555</subfield>
  </datafield>
  <controlfield tag="003">OSt</controlfield>
  <controlfield tag="005">20181025115729.0</controlfield>
  <controlfield tag="008">181025b        xxu||||| |||| 00| 0 eng d</controlfield>
  <datafield tag="040" ind1=" " ind2=" ">
    <subfield code="c">sero soft</subfield>
  </datafield>
  <datafield tag="100" ind1=" " ind2=" ">
    <subfield code="a">G.P.Tripathi</subfield>
  </datafield>
  <datafield tag="245" ind1=" " ind2=" ">
    <subfield code="a">The Transfer of Property Act (Hindi)</subfield>
  </datafield>
  <datafield tag="300" ind1=" " ind2=" ">
    <subfield code="a">703</subfield>
  </datafield>
  <datafield tag="942" ind1=" " ind2=" ">
    <subfield code="2">ddc</subfield>
    <subfield code="c">02</subfield>
  </datafield>
  <datafield tag="952" ind1=" " ind2=" ">
    <subfield code="0">0</subfield>
    <subfield code="1">0</subfield>
    <subfield code="2">ddc</subfield>
    <subfield code="4">0</subfield>
    <subfield code="7">0</subfield>
    <subfield code="a">04</subfield>
    <subfield code="b">04</subfield>
    <subfield code="d">2018-10-25</subfield>
    <subfield code="e">Western Law House Meerut</subfield>
    <subfield code="g">440.00</subfield>
    <subfield code="i">00001360/18  23-10-2018</subfield>
    <subfield code="l">5</subfield>
    <subfield code="p">04-B-6349</subfield>
    <subfield code="r">2024-02-05</subfield>
    <subfield code="s">2023-12-21</subfield>
    <subfield code="w">2018-10-25</subfield>
    <subfield code="y">02</subfield>
  </datafield>
  <datafield tag="952" ind1=" " ind2=" ">
    <subfield code="0">0</subfield>
    <subfield code="1">0</subfield>
    <subfield code="2">ddc</subfield>
    <subfield code="4">0</subfield>
    <subfield code="7">0</subfield>
    <subfield code="a">04</subfield>
    <subfield code="b">04</subfield>
    <subfield code="d">2018-10-25</subfield>
    <subfield code="e">Western Law House Meerut</subfield>
    <subfield code="g">440.00</subfield>
    <subfield code="i">00001360/18  23-10-2018</subfield>
    <subfield code="l">4</subfield>
    <subfield code="p">04-B-6350</subfield>
    <subfield code="r">2024-03-01</subfield>
    <subfield code="s">2023-10-17</subfield>
    <subfield code="w">2018-10-25</subfield>
    <subfield code="y">02</subfield>
  </datafield>
  <datafield tag="952" ind1=" " ind2=" ">
    <subfield code="0">0</subfield>
    <subfield code="1">0</subfield>
    <subfield code="2">ddc</subfield>
    <subfield code="4">0</subfield>
    <subfield code="7">0</subfield>
    <subfield code="a">04</subfield>
    <subfield code="b">04</subfield>
    <subfield code="d">2018-10-25</subfield>
    <subfield code="e">Western Law House Meerut</subfield>
    <subfield code="g">440.00</subfield>
    <subfield code="i">00001360/18  23-10-2018</subfield>
    <subfield code="l">3</subfield>
    <subfield code="p">04-B-6351</subfield>
    <subfield code="r">2024-01-31</subfield>
    <subfield code="s">2023-09-04</subfield>
    <subfield code="w">2018-10-25</subfield>
    <subfield code="y">02</subfield>
  </datafield>
  <datafield tag="952" ind1=" " ind2=" ">
    <subfield code="0">0</subfield>
    <subfield code="1">0</subfield>
    <subfield code="2">ddc</subfield>
    <subfield code="4">0</subfield>
    <subfield code="7">0</subfield>
    <subfield code="a">04</subfield>
    <subfield code="b">04</subfield>
    <subfield code="d">2018-10-25</subfield>
    <subfield code="e">Western Law House Meerut</subfield>
    <subfield code="g">440.00</subfield>
    <subfield code="i">00001360/18  23-10-2018</subfield>
    <subfield code="l">8</subfield>
    <subfield code="p">04-B-6352</subfield>
    <subfield code="r">2026-01-31</subfield>
    <subfield code="s">2025-09-10</subfield>
    <subfield code="w">2018-10-25</subfield>
    <subfield code="y">02</subfield>
  </datafield>
  <datafield tag="952" ind1=" " ind2=" ">
    <subfield code="0">0</subfield>
    <subfield code="1">0</subfield>
    <subfield code="2">ddc</subfield>
    <subfield code="4">0</subfield>
    <subfield code="7">0</subfield>
    <subfield code="a">04</subfield>
    <subfield code="b">04</subfield>
    <subfield code="d">2018-10-25</subfield>
    <subfield code="e">Western Law House Meerut</subfield>
    <subfield code="g">440.00</subfield>
    <subfield code="i">00001360/18  23-10-2018</subfield>
    <subfield code="l">4</subfield>
    <subfield code="p">04-B-6353</subfield>
    <subfield code="r">2024-02-01</subfield>
    <subfield code="s">2024-01-25</subfield>
    <subfield code="w">2018-10-25</subfield>
    <subfield code="y">02</subfield>
  </datafield>
  <datafield tag="952" ind1=" " ind2=" ">
    <subfield code="0">0</subfield>
    <subfield code="1">0</subfield>
    <subfield code="2">ddc</subfield>
    <subfield code="4">0</subfield>
    <subfield code="7">0</subfield>
    <subfield code="a">04</subfield>
    <subfield code="b">04</subfield>
    <subfield code="d">2018-10-25</subfield>
    <subfield code="e">Western Law House Meerut</subfield>
    <subfield code="g">440.00</subfield>
    <subfield code="i">00001360/18  23-10-2018</subfield>
    <subfield code="l">3</subfield>
    <subfield code="p">04-B-6354</subfield>
    <subfield code="r">2023-03-16</subfield>
    <subfield code="s">2022-12-10</subfield>
    <subfield code="w">2018-10-25</subfield>
    <subfield code="y">02</subfield>
  </datafield>
  <datafield tag="952" ind1=" " ind2=" ">
    <subfield code="0">0</subfield>
    <subfield code="1">0</subfield>
    <subfield code="2">ddc</subfield>
    <subfield code="4">0</subfield>
    <subfield code="7">0</subfield>
    <subfield code="a">04</subfield>
    <subfield code="b">04</subfield>
    <subfield code="d">2018-10-25</subfield>
    <subfield code="e">Western Law House Meerut</subfield>
    <subfield code="g">440.00</subfield>
    <subfield code="i">00001360/18  23-10-2018</subfield>
    <subfield code="l">5</subfield>
    <subfield code="p">04-B-6355</subfield>
    <subfield code="q">2026-01-31</subfield>
    <subfield code="r">2025-10-27</subfield>
    <subfield code="s">2025-10-27</subfield>
    <subfield code="w">2018-10-25</subfield>
    <subfield code="y">02</subfield>
  </datafield>
</record>
